000 01473cam a2200349 a 4500
001 655401
003 NUST-PNEC
005 20170116180734.0
008 941229s1995 nyua b 001 0 eng
010 _a 94049718
020 _a0471115681
040 _aDLC
_cPNEC
_dDLC
050 0 0 _aQA76.76.W56
_bL54 1995
082 0 0 _a006.76 LIN
_220
100 1 _aLindley, Craig A.
245 1 0 _aPhotographic imaging techniques in C++ for Windows and Windows NT /
_cCraig A. Lindley.
260 _aNew York :
_bWiley,
_cc1995.
300 _axv, 432 p. :
_bill. (some col.) ;
_c24 cm.
504 _aIncludes bibliographical references (p. 425-426) and index.
538 _aSystem requirements for accompanying computer disc: A 386 or 486 processor running at 20 MH2 or faster; Windows 3.1 or Windows 95; at least 6 Mb of RAM.
630 0 0 _aMicrosoft Windows NT.
650 0 _aWindows (Computer programs)
_xComputer, MIS
650 0 _aC (Computer program language)
650 0 _aC++ (Computer program language)
650 0 _aComputer graphics.
856 4 2 _uhttp://www.amazon.com/Photographic-Imaging-Techniques-Windows-NT/dp/0471115681/ref=sr_1_1?s=books&ie=UTF8&qid=1416649078&sr=1-1&keywords=0471115681
856 4 2 _3Publisher description
856 4 _3Table of Contents
906 _a7
_bcbc
_corignew
_d1
_eocip
_f19
_gy-gencatlg
942 _2ddc
_cBK
999 _c61908
_d61908